000
00194nam a2200085 4500
999
_c
523834
_d
523834
082
_a
J7x54 In2
245
_a
SAARC
260
_a
New Delhi
_b
Ministry of Housing and Urban Affairs
300
_a
3 Parts